000 00297nam a22001217a 4500
008 170621b xxu||||| |||| 00| 0 eng d
041 _aeng
080 _a94
100 _a20
101 _aSHP
245 _aBRITISH PUBLIC FINANCE AND ADMINISTRATIION 1774 /92
_cBINNEY.J.E.D
942 _2udc
_cBK
999 _c18388
_d18388